| Tag |
First Indicator |
Second Indicator |
Subfields |
| LEADER |
00000cgm a2200000Ma 4500 |
| 001 |
in00005607410 |
| 006 |
m o c |
| 007 |
cr |n||||||||a |
| 007 |
vz |za|z| |
| 008 |
140731s2001 ir 104 e o vuper d |
| 005 |
20241214204559.5 |
| 035 |
|
|
|a (OCoLC)ocn890603851
|
| 040 |
|
|
|a ALSTP
|b eng
|e pn
|c ALSTP
|d OCLCO
|d UIU
|d OCLCF
|d OCL
|d OCLCQ
|d OCLCO
|d OCLCQ
|d OCLCA
|d WYU
|d OCL
|d OCLCO
|d OCLCA
|d OCLCL
|d OCLCQ
|d OCLCL
|
| 019 |
|
|
|a 1066369086
|
| 035 |
|
|
|a (OCoLC)890603851
|z (OCoLC)1066369086
|
| 043 |
|
|
|a a-ir---
|
| 082 |
0 |
4 |
|a 791.43/72
|q OCoLC
|2 22/eng/20231120
|
| 049 |
|
|
|a TXAM
|
| 245 |
0 |
4 |
|a The hidden half /
|c directed by Tahmineh Milani.
|
| 260 |
|
|
|a Iran :
|b [publisher not identified],
|c 2001.
|
| 300 |
|
|
|a 1 online resource (104 min.).
|
| 306 |
|
|
|a 014343
|
| 336 |
|
|
|a two-dimensional moving image
|b tdi
|2 rdacontent
|
| 337 |
|
|
|a computer
|b c
|2 rdamedia
|
| 338 |
|
|
|a online resource
|b cr
|2 rdacarrier
|
| 344 |
|
|
|a digital
|2 rda
|
| 347 |
|
|
|a data file
|2 rda
|
| 380 |
|
|
|a Videorecording
|
| 490 |
0 |
|
|a Asian film online, volume 2
|
| 500 |
|
|
|a Title from resource description page (viewed July 31, 2014).
|
| 520 |
|
|
|a Khosro is sent from the president's office on a fact-finding mission to Shiraz, to investigate the complaints of a female political prisoner awaiting execution. Khosro's wife Fereshteh, being of the same generation as the prisoner, decides to do something about her situation. Fereshteh writes of her own participation in the revolution of 1980, of which her husband is unaware. In his hotel room in Shiraz, Khosro begins to read his wife's memoirs the night before he is to visit the prisoner.
|
| 546 |
|
|
|a In Persian with English subtitles.
|
| 650 |
|
0 |
|a Women
|z Iran
|x Social conditions.
|
| 650 |
|
0 |
|a Women
|x Political activity
|z Iran.
|
| 651 |
|
0 |
|a Iran
|x History
|y Revolution, 1979.
|
| 650 |
|
6 |
|a Femmes
|z Iran
|x Conditions sociales.
|
| 650 |
|
6 |
|a Femmes
|x Activité politique
|z Iran.
|
| 651 |
|
6 |
|a Iran
|x Histoire
|y 1979 (Révolution)
|
| 650 |
|
7 |
|a Women
|x Political activity.
|2 fast
|0 (OCoLC)fst01734136
|
| 650 |
|
7 |
|a Women
|x Social conditions.
|2 fast
|0 (OCoLC)fst01176947
|
| 651 |
|
7 |
|a Iran.
|2 fast
|0 (OCoLC)fst01204889
|1 https://id.oclc.org/worldcat/entity/E39PBJtrYvcVTwChrDqytBvJXd
|
| 647 |
|
7 |
|a Revolution
|c (Iran :
|d 1979)
|2 fast
|0 (OCoLC)fst01354530
|1 https://id.oclc.org/worldcat/entity/E39Qhp4vB9cvdttrhwVwvJMVjK
|
| 648 |
|
7 |
|a 1979
|2 fast
|
| 655 |
|
7 |
|a Feature films.
|2 fast
|0 (OCoLC)fst01710384
|
| 655 |
|
7 |
|a History.
|2 fast
|0 (OCoLC)fst01411628
|
| 655 |
|
7 |
|a Feature films.
|2 lcgft
|
| 700 |
1 |
|
|a Nīkʹbīn, Muḥammad.
|4 pro
|4 act
|
| 700 |
1 |
|
|a Mīlānī, Tahmīnah,
|d 1960-
|4 pro
|4 drt
|1 https://id.oclc.org/worldcat/entity/E39PBJfMmTrC9Dwq3CqgcffTHC
|
| 700 |
1 |
|
|a Obeisi, Afarin.
|4 act
|
| 700 |
1 |
|
|a Pisyānī, Ātīlā.
|4 act
|
| 700 |
1 |
|
|a Karīmī, Nīkī.
|4 act
|
| 758 |
|
|
|i has work:
|a The hidden half (MovingImage)
|1 https://id.oclc.org/worldcat/entity/E39PCFWtK99tCktpwwxkfGvBvb
|4 https://id.oclc.org/worldcat/ontology/hasWork
|
| 776 |
0 |
8 |
|i Print version:
|t Hidden half.
|d Iran : [publisher not identified], 2001
|w (OCoLC)50133038
|
| 856 |
4 |
0 |
|u http://proxy.library.tamu.edu/login?url=https://www.aspresolver.com/aspresolver.asp?ASV2;2352284
|z Connect to this streaming video (Alexander Street Press)
|t 0
|
| 955 |
|
|
|a Alexander Street Press perpetual purchased Fall 2024 streaming video
|
| 994 |
|
|
|a 92
|b TXA
|
| 999 |
f |
f |
|s 523bc0c3-9743-4294-a5e3-f055cdb8ff04
|i 08009f05-3cb0-47de-92c0-b4db5b0d7d08
|t 0
|
| 952 |
f |
f |
|a Texas A&M University
|b College Station
|c Electronic Resources
|d Available Online
|t 0
|h Library of Congress classification
|
| 998 |
f |
f |
|t 0
|l Available Online
|